| 000 | 00405nam a22001577a 4500 | ||
|---|---|---|---|
| 008 | 250714b |||||||| |||| 00| 0 eng d | ||
| 020 | _a9780393932799 | ||
| 050 |
_aPN1994 _b.B37 |
||
| 100 | _aBarsam Richard | ||
| 245 | _aLooking at Movies | ||
| 250 | _a3rd | ||
| 260 |
_aNew York _bW.W. NORTON & COMPANY _c2010 |
||
| 300 |
_axx, 600p. _bill. |
||
| 650 |
_aMotion Pictures _vCinematography |
||
| 942 | _cBK | ||
| 999 |
_c4286 _d4286 |
||